000 00660nam a2200205Ia 4500
008 220216s9999 xx 000 0 und d
100 _aKar K K
245 0 _aEffects of temperature on interlaminar fracture toughness of fibre reinforced plastic composites made by newly proposed rubber pressure moulding technique
260 _bPlastics, Rubber and Composites
_c2007
300 _a274-280
520 _aDL
650 _aFibre reinforced plastic
650 _aGlass fibre
650 _aInterlaminar fracture toughness
650 _aPolyester resin
650 _aRubber pressure moulding
700 _aKumar P
700 _aSharma S D
942 _cJS
999 _c58385
_d58385